000
00262nam a2200109Ia 4500
008
190216s9999||||xx |||||||||||||| ||und||
100
_a
Henry N & Hollin Shead
245
0
_a
Text Book Of Anatomy
260
_b
Oxford & I B H
650
_a
Zoology
942
_c
BK
999
_c
37295
_d
37295